| 000 | 00440nam a22001697a 4500 | ||
|---|---|---|---|
| 003 | NUST - PNEC | ||
| 005 | 20170116180854.0 | ||
| 008 | 150827b xxu||||| |||| 00| 0 eng d | ||
| 020 | _a8121916437 | ||
| 040 | _cLIBRARY | ||
| 082 | _a620.1 KHU | ||
| 100 |
_95901 _aKhurmi, R.S. |
||
| 245 |
_aA textbook of applied mechanics / _cR.S. Khurmi |
||
| 260 |
_aNew Delhi: _c1977 |
||
| 650 |
_95903 _aMechanical engineering _xME |
||
| 942 |
_2ddc _cBK |
||
| 999 |
_c64747 _d64747 |
||